personnages gossip girl - Statistiques

Statistiques générales
  • Ce quiz a été pris 3 701 fois
  • Le résultat moyen est 21 sur 46
Statistiques - réponses
Indice Réponse % Correct
waldorf Blair
100%
bass chuck
98%
van der woodsen serena
97%
humphrey Dan
96%
archibald nate
95%
Lily
88%
jenny
87%
Abrams vanessa
82%
rufus
78%
sparks georgina
76%
bart
75%
Éric
75%
éleanor
68%
baizen carter
60%
grimaldi louis
57%
Kishlovsky dorota
53%
jack
51%
dickens ivy
49%
william
45%
Van der Bilt william
45%
rose cyrus
43%
sharp juliet
43%
suivantes de Blair penelope
39%
rhodes cece
35%
donovan ben
33%
alison
30%
charlotte (lola)
29%
harold
29%
nelly
28%
Anne
26%
aaron
25%
carole
25%
tripp (seb)
24%
milo
22%
howard
21%
henry
19%
rosson scott
18%
beatrice
17%
forester colin
17%
isabel
17%
maureen
16%
kati
14%
sophie
14%
gabriela
12%
Ana
7%
Arlo
4%
Aucun quiz correspondant
Distribution des résultats
% des personnes avec chaque résultat
Percentile par nombre de réponses
Votre historique - résultats
Vous n’avez pas pris ce quiz